| 000 | 00782nam a2200217 i 4500 | ||
|---|---|---|---|
| 001 | 14025 | ||
| 003 | ES-MaACL | ||
| 005 | 20240523111615.0 | ||
| 007 | t| | ||
| 008 | 980921s1992 sp c |||| | spa d | ||
| 080 | _a821.134.2-14"19" | ||
| 100 | 1 |
_aFernández, Miguel, _d1931-1993 _949440 |
|
| 245 | 1 | 0 |
_aMiguel Fernández _b: poesía / _cMiguel Fernández. |
| 260 |
_a[Málaga : _bCentro Cultural de la Generación del 27, _c1992] |
||
| 300 |
_a[12] p. : _b1 retr. ; _c22 cm. |
||
| 490 | 1 | _aCuadernos literarios del Centro Cultural de la Generación del 27 | |
| 710 | 2 |
_aCentro Cultural Generación del 27. _92582 |
|
| 830 | 0 |
_aCuadernos literarios del Centro Cultural de la Generación del 27 _9228483 |
|
| 852 |
_aES-MaACL _j2153-F-29 |
||
| 999 |
_c14025 _d14025 |
||